Havránek Ferenc képviselő írása és a valóság

Elmentve itt :
Bibliográfiai részletek
Szerzők: Csoma Lajos
Havránek Ferenc
Dokumentumtípus: Cikk
Megjelent: 2008-11-13
Sorozat:Délmagyarország 98 No. 265
Kulcsszavak:Hódmezővásárhely, Kitüntetés önkormányzati
Online Access:http://dmarchiv.bibl.u-szeged.hu/140949
LEADER 00542nab a2200169 i 4500
001 delm140949
005 20200102131620.0
008 200102s2008 hu o 0|| hun d
040 |a SZTE Délmagyarország Archívum  |b hun 
041 |a hun 
100 1 |a Csoma Lajos 
245 1 0 |a Havránek Ferenc képviselő írása és a valóság  |h [elektronikus dokumentum] /  |c  Csoma Lajos 
260 |c 2008-11-13 
300 |a 17 
490 0 |a Délmagyarország  |v 98 No. 265 
695 |a Hódmezővásárhely, Kitüntetés önkormányzati 
700 0 1 |a Havránek Ferenc  |e aut